000 00557nam a22001817a 4500
007 00
008 160727b xxu||||| |||| 00| 0 eng d
020 _a978-2-87003-621-1
040 _aBUAC
_cBUC
041 _aFre.
100 _aDISTELMANS , Wim
245 _aL'adieu choisi :
_bacharnement thérapeutique, soins palliatifs et euthanasie
_c/ par Wim Distelman
260 _aBruxelles :
_bEditions Couleur livres ,
_c2013
300 _a98 p.
_c21 cm.
630 _aPhilosophie - Psychologie
650 _aEuthanasie : théorie
942 _cLIVR
999 _c54922
_d54922